| 000 | 00645nam a2200229Ia 4500 | ||
|---|---|---|---|
| 001 | 23200 | ||
| 003 | AR-BaAGN | ||
| 005 | 20231116141757.0 | ||
| 007 | ta | ||
| 008 | 211213s1898 ag |||||||||||||| ||spa d | ||
| 040 |
_dAR-BaAGN _aAR-BaAGN _bspa _eaacr |
||
| 110 |
_aBuenos Aires. _bCámara de Apelaciones de la Capital |
||
| 245 | 1 | 0 | _aFallos y disposiciones de la Exma. Cámara de Apelaciones de la Capital |
| 260 |
_aBuenos Aires : _bA. Grau, _c1898. |
||
| 300 | _a434 páginas | ||
| 336 |
_2rdacontent _btxt |
||
| 337 |
_2rdamedia _bn |
||
| 338 |
_2rdacarrier _bnc |
||
| 500 | _aTomo 10. Sexta serie | ||
| 942 | _cLIBRO | ||
| 999 |
_c23200 _d23200 |
||